000 00927nam a2200241 a 4500
001 BRCA_1775
005 20190320203538.0
008 930407s1992 mx-a---##b---#000-0#spa-#
020 _a9686370110
040 _aDLC
_cDLC
_dDLC
050 4 _aNA5257.V4
_b.O73 1992
245 1 0 _aOratorios de San Felipe Neri en México y un testimonio vivo, la fundación del Oratorio de San Felipe Neri en la villa de Orizaba
_cprólogo R.P. Francisco Aguilera ; investigación Mariano Monterrosa ; fotografía Bob Schalkwijk.
260 _aMéxico
_bCentro de Asistencia y Promoción
_c1992
300 _a88 p.
_bil. a color
_c31 cm.
500 _aColección Sonia Corcuera de Mancera
504 _aBibliografía: p. [89]-[92]
650 1 4 _aOratorios
_zMéxico
_95525
651 4 _aMéxico
_xHistoria de la Iglesia
_95526
700 1 _aMonterrosa Prado, Mariano
_95527
700 1 _aSchalkwijk, Bob
_94404
902 _aDSC
942 _2lcc
_cB
999 _c1557
_d1557